00495nam a2200157 a 450000500170000000800410001702000180005805000240007610000240010024500400012426000520016430000190021644000400023565000270027565000350030220140412111323.0001113s19uu xx 00 eng d a1-86823-120-8 aM 222.11bB628 1992 aBlackhouse, Halcyon aNoah's story /cHalcyon Blackhouse. aCape Town, UK :bStruik Christian Books,c1992. a[20] p. ; ill. aNow I can Read Bible Stories Series aNoah (Biblical Figure) aBible Stories, O. T. (Genesis)